IHP - (Titelsatznr. 80347)
[ MARC ]
| 000 -Satzkennung | |
|---|---|
| Kontrollfeld mit fester Länge | 00489nam a22001457a 4500 |
| 008 - Feld mit fester Länge zur physischen Beschreibung - Allgemeine Angaben | |
| Kontrollfeld mit fester Länge | 201208b ||||| |||| 00| 0 eng d |
| 040 ## - Katalogisierungsquelle | |
| Bearbeitungsstelle | StAFF |
| 041 ## - Sprachcode | |
| Sprachcode des Textes/der Tonspur oder des separaten Titels | eng |
| 245 ## - Titel | |
| Titel | IHP - |
| Zusatz zum Titel | Innovations for High Performance Microelectronics |
| 260 ## - Publikation, Vertrieb usw. (Erscheinungsvermerk) | |
| Erscheinungsort, Vertriebsort etc. | Frankfurt (Oder) |
| Name des Verlags, des Vertriebs etc. | IHP GmbH - Innovations for High Performance Microelectronics/ Leibniz Institut |
| Date of publication, distribution, etc | [2009] |
| 300 ## - Physische Beschreibung | |
| Umfang | 8 ungezählte Seiten |
| Andere physische Details | Ill. |
| Begleitmaterial | + Annual Report 2009 (CD) |
| 546 ## - Sprache | |
| Sprache | Text engl. |
| 942 ## - Zusätzliche Felder (Koha) | |
| Klassifikation oder Aufstellungssystematik | Andere/Generische Klassifikation |
| Koha-Medientyp | Bücher |
| Ausgeschieden | Verloren | Klassifikation oder Aufstellungssystematik | Beschädigt | Nicht entleihbar | Permanenter Standort | Aktueller Standort | Aufstellungsort | Erwerbungsdatum | Kodierter Standort-Qualifier | Anzahl Ausleihen | Signatur | Letzte Aktivität | Exemplarnummer | Preis gültig von | Medientyp |
|---|---|---|---|---|---|---|---|---|---|---|---|---|---|---|---|
| Andere/Generische Klassifikation | Stadtarchiv Frankfurt (Oder) | Archivbibliothek | Stadtarchiv Frankfurt (Oder) | Archivbibliothek | Magazin | 08/12/2020 | M | III: 1897 | 08/12/2020 | 182/2020 | 08/12/2020 | Bücher |